MyGZULibrary

Classic readings in cultural anthropology / (Record no. 1097)

MARC details
000 -LEADER
fixed length control field 02285cam a2200361 a 4500
001 - CONTROL NUMBER
control field 16500898
003 - CONTROL NUMBER IDENTIFIER
control field GZU
005 - DATE AND TIME OF LATEST TRANSACTION
control field 20200923152348.0
008 - FIXED-LENGTH DATA ELEMENTS--GENERAL INFORMATION
fixed length control field 101014s2012 cau b 000 0 eng d
010 ## - LIBRARY OF CONGRESS CONTROL NUMBER
LC control number 2010939317
020 ## - INTERNATIONAL STANDARD BOOK NUMBER
International Standard Book Number 9781111297923
020 ## - INTERNATIONAL STANDARD BOOK NUMBER
International Standard Book Number 1111297924
035 ## - SYSTEM CONTROL NUMBER
System control number (OCoLC)ocn705386435
040 ## - CATALOGING SOURCE
Original cataloging agency ORX
Transcribing agency ORX
Modifying agency DLC
042 ## - AUTHENTICATION CODE
Authentication code lccopycat
050 00 - LIBRARY OF CONGRESS CALL NUMBER
Classification number GN316
Item number .C59 2009
082 04 - DEWEY DECIMAL CLASSIFICATION NUMBER
Classification number 305.8
Edition number 22
245 00 - TITLE STATEMENT
Title Classic readings in cultural anthropology /
Statement of responsibility, etc. [compiled by] Gary Ferraro.
250 ## - EDITION STATEMENT
Edition statement 3rd ed.
260 ## - PUBLICATION, DISTRIBUTION, ETC.
Place of publication, distribution, etc. Belmont, CA :
Name of publisher, distributor, etc. Wadsworth,
Date of publication, distribution, etc. c2012.
300 ## - PHYSICAL DESCRIPTION
Extent xiii, 128 p. ;
Dimensions 23 cm.
504 ## - BIBLIOGRAPHY, ETC. NOTE
Bibliography, etc. note Includes bibliographical references.
505 00 - FORMATTED CONTENTS NOTE
Title Body ritual among the Nacirema /
Statement of responsibility Horace Miner --
Title Not a real fish : the ethnographer as inside outsider /
Statement of responsibility Roger M. Keesing --
Title Rapport-talk and report-talk /
Statement of responsibility Deborah Tannen --
Title The sounds of silence /
Statement of responsibility Edward T. Hall and Mildred Reed Hall --
Title The worst mistake in the history of the human race /
Statement of responsibility Jared Diamond --
Title The domestication of wood in Haiti : a case study in applied evolution /
Statement of responsibility Gerald F. Murray --
Title Arranging a marriage in India /
Statement of responsibility Serena Nanda --
Title Death without weeping /
Statement of responsibility Nancy Scheper-Hughes --
Title Society and sex roles /
Statement of responsibility Ernestine Friedl --
Title Women and men in !Kung society /
Statement of responsibility Marjorie Shostak --
Title The Kpelle moot /
Statement of responsibility James L. Gibbs Jr. --
Title Customary law development in Papua New Guinea /
Statement of responsibility Richard Scaglio --
Title The notion of witchcraft explains unfortunate events /
Statement of responsibility E.E. Evans-Pritchard --
Title Baseball magic /
Statement of responsibility George Gmelch --
Title The price of progress /
Statement of responsibility John Bodley --
Title The glaciers of the Andes are melting : indigenous and anthropological knowledge merge in restoring water resources /
Statement of responsibility Inge Bolin.
650 #0 - SUBJECT ADDED ENTRY--TOPICAL TERM
Topical term or geographic name entry element Ethnology.
650 #0 - SUBJECT ADDED ENTRY--TOPICAL TERM
Topical term or geographic name entry element Ethnic groups.
700 1# - ADDED ENTRY--PERSONAL NAME
Personal name Ferraro, Gary P.
856 42 - ELECTRONIC LOCATION AND ACCESS
Materials specified Contributor biographical information
Uniform Resource Identifier <a href="http://www.loc.gov/catdir/enhancements/fy1303/2010939317-b.html">http://www.loc.gov/catdir/enhancements/fy1303/2010939317-b.html</a>
856 42 - ELECTRONIC LOCATION AND ACCESS
Materials specified Publisher description
Uniform Resource Identifier <a href="http://www.loc.gov/catdir/enhancements/fy1303/2010939317-d.html">http://www.loc.gov/catdir/enhancements/fy1303/2010939317-d.html</a>
856 41 - ELECTRONIC LOCATION AND ACCESS
Materials specified Table of contents only
Uniform Resource Identifier <a href="http://www.loc.gov/catdir/enhancements/fy1303/2010939317-t.html">http://www.loc.gov/catdir/enhancements/fy1303/2010939317-t.html</a>
906 ## - LOCAL DATA ELEMENT F, LDF (RLIN)
a 7
b cbc
c copycat
d 2
e ncip
f 20
g y-gencatlg
942 ## - ADDED ENTRY ELEMENTS (KOHA)
Source of classification or shelving scheme Library of Congress Classification
Koha item type Books
Edition 3rd ed.
Classification part 316
Item part FER
Call number prefix GN
Holdings
Withdrawn status Lost status Source of classification or shelving scheme Damaged status Not for loan Collection code Home library Current library Shelving location Date acquired Total Checkouts Full call number Barcode Date last seen Copy number Price effective from Koha item type Inventory number Source of acquisition
    Library of Congress Classification     Non-fiction City Campus Library City Campus Library General Stacks 09/23/2020   GN 316 FER 2012 024672 09/23/2020 C-1 09/23/2020 Books    
    Library of Congress Classification     Non-fiction City Campus Library City Campus Library General Stacks 09/23/2020   GN 316 FER 2008 024663 09/23/2020 C-2 09/23/2020 Books    
          Non-fiction City Campus Library City Campus Library General Stacks 03/16/2022   GN316 FER 2012 031953 03/16/2022 C.7 03/16/2022 Books 031953 Donation
          Non-fiction City Campus Library City Campus Library General Stacks 03/16/2022   GN316 FER 2012 031954 03/16/2022 C.8 03/16/2022 Books 031954 Donation
          Non-fiction City Campus Library City Campus Library General Stacks 03/16/2022   GN316 FER 2012 031955 03/16/2022 C.9 03/16/2022 Books 031955 Donation
          Non-fiction City Campus Library City Campus Library General Stacks 03/16/2022   GN316 FER 2012 031956 03/16/2022 C.10 03/16/2022 Books 031956 Donation
          Non-fiction Mashava Campus Library Mashava Campus Library General Stacks 05/03/2015   GN316 FER 2012 023145 05/03/2021 c.3 05/03/2021 Books 023145  
          Non-fiction Mashava Campus Library Mashava Campus Library General Stacks 05/03/2015   GN316 FER 2012 023144 05/03/2021 c.4 05/03/2021 Books 023144  
          Non-fiction Mashava Campus Library Mashava Campus Library General Stacks 05/03/2015   GN316 FER 2012 023143 05/03/2021 c.5 05/03/2021 Books 023143  
          Non-fiction Mashava Campus Library Mashava Campus Library General Stacks 05/03/2015   GN316 FER 2012 023344 05/03/2021 c.6 05/03/2021 Books 023344